[Event "IRQ-ch Women"]
[Site "Baghdad"]
[Date "2017.08.16"]
[Round "9"]
[White "Al Fayyadh, Yamama Asif Abdula"]
[Black "Al Rajab, Maha Layth Ismael"]
[Result "1-0"]
[WhiteElo "1630"]
[BlackElo "1760"]
[PlyCount "75"]
[EventDate "2017.08.11"]
[EventType "swiss"]
[EventRounds "9"]
[EventCountry "IRQ"]
[SourceTitle "CBM 180 Extra"]
[Source "ChessBase"]
[SourceDate "2017.10.06"]
[SourceVersion "1"]
[SourceVersionDate "2017.10.06"]
[SourceQuality "1"]

1. e4 e6 2. d3 d5 3. Nd2 dxe4 4. dxe4 g6 5. Ngf3 Bg7 6. c3 Nf6 7. Bc4 b6 8. 0-0 0-0 9. Qe2 Bb7 10. Ng5 Qe7 11. f4 h6 12. Nh3 Re8 13. e5 Nd5 14. Ne4 Nd7 15. Nhf2 f5 16. exf6 N7xf6 17. Nxf6+ Nxf6 18. Nd3 Ne4 19. Nf2 Nxf2 20. Rxf2 Kh7 21. Bd3 Rad8 22. Bc2 Qf6 23. Be3 Bf8 24. Bd4 Qf7 25. Qh5 Bg7 26. Be3 Rd5 27. Qg4 Bc8 28. Qg3 c5 29. Be4 Rdd8 30. h4 Bb7 31. Bc2 Rd5 32. c4 Rd6 33. h5 e5 34. fxe5 Qxc4 35. Bxg6+ Kh8 36. Bxe8 Rd8 37. Rf7 Bf6 38. exf6 1-0

[Event "IRQ-ch Women"]
[Site "Baghdad"]
[Date "2017.08.15"]
[Round "7"]
[White "Al Rajab, Maha Layth Ismael"]
[Black "Mina, Wajdi Hussein"]
[Result "1-0"]
[WhiteElo "1760"]
[BlackElo "1096"]
[PlyCount "22"]
[EventDate "2017.08.11"]
[EventType "swiss"]
[EventRounds "9"]
[EventCountry "IRQ"]
[SourceTitle "CBM 180 Extra"]
[Source "ChessBase"]
[SourceDate "2017.10.06"]
[SourceVersion "1"]
[SourceVersionDate "2017.10.06"]
[SourceQuality "1"]

1. d4 d5 2. c4 Nf6 3. Nc3 Bf5 4. Qb3 Nc6 5. cxd5 Na5 6. Qb5+ c6 7. dxc6 bxc6 8. Qxf5 Qb6 9. e3 e6 10. Qc2 Bd6 11. Nf3 0-0 1-0

[Event "IRQ-ch Women"]
[Site "Baghdad"]
[Date "2017.08.13"]
[Round "4"]
[White "Nabaa Sami, Abbas Al Attra"]
[Black "Al Rajab, Maha Layth Ismael"]
[Result "1-0"]
[WhiteElo "1742"]
[BlackElo "1760"]
[PlyCount "65"]
[EventDate "2017.08.11"]
[EventType "swiss"]
[EventRounds "9"]
[EventCountry "IRQ"]
[SourceTitle "CBM 180 Extra"]
[Source "ChessBase"]
[SourceDate "2017.10.06"]
[SourceVersion "1"]
[SourceVersionDate "2017.10.06"]
[SourceQuality "1"]

1. d4 d5 2. Nf3 Nf6 3. c4 e6 4. e3 c6 5. Nbd2 Nbd7 6. Bd3 dxc4 7. Nxc4 b5 8. Nce5 Bb7 9. 0-0 Bd6 10. Nxd7 Nxd7 11. e4 a6 12. Be3 0-0 13. Rc1 Rc8 14. Bb1 c5 15. dxc5 Bxc5 16. Qd3 Bxe3 17. Qxe3 Qe7 18. Rfd1 e5 19. Ne1 Nc5 20. f3 Ne6 21. a3 Nd4 22. Ba2 Rfd8 23. Nd3 Kf8 24. Nb4 a5 25. Nd5 Bxd5 26. Bxd5 b4 27. Rxc8 Rxc8 28. axb4 Qxb4 29. Qd2 Qb6 30. Kh1 Rc2 31. Qg5 Rxb2 32. h4 Qg6 33. Qd8# 1-0

[Event "IRQ-ch Women"]
[Site "Baghdad"]
[Date "2017.08.12"]
[Round "3"]
[White "Al Rajab, Maha Layth Ismael"]
[Black "Abdulzahra, Sali Abbas"]
[Result "1/2-1/2"]
[WhiteElo "1760"]
[BlackElo "1752"]
[PlyCount "40"]
[EventDate "2017.08.11"]
[EventType "swiss"]
[EventRounds "9"]
[EventCountry "IRQ"]
[SourceTitle "CBM 180 Extra"]
[Source "ChessBase"]
[SourceDate "2017.10.06"]
[SourceVersion "1"]
[SourceVersionDate "2017.10.06"]
[SourceQuality "1"]

1. d4 d5 2. c4 c6 3. Nc3 Nf6 4. Nf3 g6 5. e3 Bg7 6. Bd3 0-0 7. 0-0 Re8 8. Re1 Nbd7 9. b3 Nb6 10. c5 Nbd7 11. Bb2 b6 12. b4 bxc5 13. bxc5 a5 14. e4 dxe4 15. Nxe4 Ba6 16. Bxa6 Rxa6 17. Nxf6+ Nxf6 18. Qd3 Ra7 19. Ne5 Qc7 20. Qf3 Rc8 1/2-1/2

[Event "Asian Clubs-ch zt (Women)"]
[Site "Amman"]
[Date "2015.01.22"]
[Round "5.3"]
[White "Al Rajab, Maha Layth Ismael"]
[Black "Raya, Alnaimat"]
[Result "1/2-1/2"]
[WhiteElo "1821"]
[BlackElo "1716"]
[PlyCount "51"]
[EventDate "2015.01.19"]
[EventType "team-tourn"]
[EventRounds "7"]
[EventCountry "JOR"]
[SourceTitle "CBM 164 Extra"]
[Source "ChessBase"]
[SourceDate "2015.03.02"]
[SourceVersion "1"]
[SourceVersionDate "2015.03.02"]
[SourceQuality "1"]
[WhiteTeam "Communication SC (W)"]
[BlackTeam "Al Fuhies Orothodox (W)"]
[WhiteTeamCountry "IRQ"]
[BlackTeamCountry "JOR"]

1. d4 Nf6 2. Nf3 e6 3. c4 Bb4+ 4. Nc3 Ne4 5. Bd2 Nxd2 6. Qxd2 d5 7. cxd5 exd5 8. a3 Be7 9. e3 c6 10. h3 Nd7 11. Bd3 0-0 12. 0-0 Nf6 13. Qc2 g6 14. b4 a6 15. Rfb1 Qb6 16. Na4 Qd8 17. Nc5 Re8 18. Ne5 Bd6 19. f4 Bxc5 20. bxc5 Ne4 21. Bxe4 dxe4 22. Nc4 Rb8 23. Nd6 Re7 24. Nxc8 Rxc8 25. Rb6 Rcc7 26. Rab1 1/2-1/2

[Event "IRQ-ch final (Women)"]
[Site "Baghdad"]
[Date "2013.08.13"]
[Round "5"]
[White "Jalaluldeen, Kareen Kamal J"]
[Black "Al Rajab, Maha Layth Ismael"]
[Result "1/2-1/2"]
[WhiteElo "1750"]
[BlackElo "1831"]
[PlyCount "62"]
[EventDate "2013.08.13"]
[EventType "swiss"]
[EventRounds "9"]
[EventCountry "IRQ"]
[SourceTitle "EXT 2018"]
[Source "ChessBase"]
[SourceDate "2017.10.13"]
[SourceVersion "1"]
[SourceVersionDate "2017.10.13"]
[SourceQuality "1"]

1. d4 d5 2. c4 e6 3. Nc3 Nf6 4. Bg5 c6 5. e3 Nbd7 6. Nf3 dxc4 7. Bxc4 b5 8. Bd3 a6 9. 0-0 Bb7 10. Rc1 c5 11. dxc5 Bxc5 12. Bb1 Qb6 13. Qe2 0-0 14. Rfd1 h6 15. Bf4 Rfd8 16. h3 Rac8 17. Ne5 Nxe5 18. Bxe5 Qc6 19. e4 Nd7 20. Bd4 Bxd4 21. Rxd4 Qb6 22. Rcd1 Nc5 23. Rxd8+ Rxd8 24. Rxd8+ Qxd8 25. f3 Qd4+ 26. Qf2 Qxf2+ 27. Kxf2 Kf8 28. Nd1 Ke7 29. Ke3 Kd6 30. b3 f6 31. Nf2 Bc6 1/2-1/2

[Event "IRQ-ch (Women)"]
[Site "Sulaymaniyah"]
[Date "2012.03.22"]
[Round "9"]
[White "Mohammed, Jannar Worya"]
[Black "Al Rajab, Maha Layth Ismael"]
[Result "1/2-1/2"]
[WhiteElo "1901"]
[BlackElo "1844"]
[PlyCount "73"]
[EventDate "2012.03.17"]
[EventType "tourn"]
[EventRounds "9"]
[EventCountry "IRQ"]
[SourceTitle "EXT 2013"]
[Source "ChessBase"]
[SourceDate "2012.11.22"]
[SourceVersion "1"]
[SourceVersionDate "2012.11.22"]
[SourceQuality "1"]

1. d4 d5 2. c4 e6 3. Nc3 Nf6 4. Bg5 Be7 5. Nf3 h6 6. Bh4 0-0 7. e3 Ne4 8. Bxe7 Qxe7 9. Qc2 Nxc3 10. Qxc3 dxc4 11. Bxc4 Nd7 12. b4 Re8 13. Bb3 e5 14. dxe5 Nxe5 15. Nxe5 Qxe5 16. Qxe5 Rxe5 17. Rc1 c6 18. 0-0 Be6 19. Bxe6 Rxe6 20. Rfd1 Kf8 21. Rc5 Ke7 22. Kf1 Rd6 23. Rdc1 Rad8 24. R5c2 Rd1+ 25. Ke2 Rxc1 26. Rxc1 Rd5 27. a4 Kd6 28. Rc4 b5 29. axb5 Rxb5 30. e4 a5 31. bxa5 Rxa5 32. f4 f6 33. Rd4+ Ke6 34. Rd2 Ra4 35. Ke3 Ra3+ 36. Ke2 Ra4 37. Ke3 1/2-1/2

[Event "IRQ-ch (Women)"]
[Site "Sulaymaniyah"]
[Date "2012.03.18"]
[Round "3"]
[White "Al Rufaye, Iman Hasan Mohammed"]
[Black "Al Rajab, Maha Layth Ismael"]
[Result "1-0"]
[WhiteElo "2159"]
[BlackElo "1844"]
[PlyCount "77"]
[EventDate "2012.03.17"]
[EventType "tourn"]
[EventRounds "9"]
[EventCountry "IRQ"]
[SourceTitle "EXT 2013"]
[Source "ChessBase"]
[SourceDate "2012.11.22"]
[SourceVersion "1"]
[SourceVersionDate "2012.11.22"]
[SourceQuality "1"]

1. e4 e6 2. d4 d5 3. Nc3 dxe4 4. Nxe4 Nd7 5. Nf3 Ngf6 6. Bg5 Be7 7. Nxf6+ Nxf6 8. Bd3 c5 9. 0-0 cxd4 10. Nxd4 0-0 11. Re1 a6 12. c3 Qc7 13. Qf3 Rb8 14. Rad1 Rd8 15. h4 b6 16. Qc6 Qd7 17. Qxd7 Rxd7 18. Nc6 Ra8 19. Be4 Nxe4 20. Nxe7+ Kf8 21. Rxd7 Bxd7 22. Rxe4 h6 23. Be3 Kxe7 24. Bxb6 Ke8 25. c4 Rb8 26. c5 Rb7 27. Rd4 Bb5 28. Rd8+ Ke7 29. Ra8 Rd7 30. a4 Bxa4 31. Rxa6 Bb5 32. Ra5 Bc6 33. b4 Rd1+ 34. Kh2 Rb1 35. Ra7+ Ke8 36. Rc7 Bb5 37. c6 Rxb4 38. Rc8+ Ke7 39. Bc5+ 1-0